Cyclisme : L'effectif du Team TotalEnergies 2024 en images - Statistiques

Statistiques générales
  • Ce quiz a été pris 91 fois
  • Le résultat moyen est 15 sur 23
Statistiques - réponses
Par images Réponse % Correct
Mathieu Burgaudeau
92%
Geoffrey Soupe
91%
Anthony Turgis
88%
Pierre Latour
88%
Lorrenzo Manzin
84%
Alexis Vuillermoz
75%
Dries Van Gestel
74%
Steff Cras
71%
Sandy Dujardin
70%
Jason Tesson
69%
Julien Simon
68%
Fabien Grellier
66%
Valentin Ferron
66%
Emilien Jeannière
62%
Thomas Bonnet
60%
Thomas Gachignard
56%
Paul Ourselin
53%
Jordan Jegat
52%
Alan Jousseaume
51%
Baptiste Vadic
49%
Fabien Doubey
48%
Mattéo Vercher
43%
Lucas Boniface
34%
Aucun quiz correspondant
Distribution des résultats
% des personnes avec chaque résultat
Percentile par nombre de réponses
Votre historique - résultats
Vous n’avez pas pris ce quiz